Arms control : cooperative security in a changing environment (Record no. 73)

MARC details
000 -LEADER
fixed length control field 00738nam a22002417a 4500
003 - CONTROL NUMBER IDENTIFIER
control field CBULib
005 - DATE AND TIME OF LATEST TRANSACTION
control field 20241016065800.0
008 - FIXED-LENGTH DATA ELEMENTS--GENERAL INFORMATION
fixed length control field 240926b |||||||| |||| 00| 0 eng d
020 ## - INTERNATIONAL STANDARD BOOK NUMBER
International Standard Book Number 9781588260383
040 ## - CATALOGING SOURCE
Language of cataloging English
Transcribing agency CBULib
Description conventions rda
041 ## - LANGUAGE CODE
Language code of text/sound track or separate title eng
050 ## - LIBRARY OF CONGRESS CALL NUMBER
Classification number JZ 5687 Arm
100 ## - MAIN ENTRY--PERSONAL NAME
Personal name Larsen, Jeffrey A. [Editor]
245 ## - TITLE STATEMENT
Title Arms control : cooperative security in a changing environment
Statement of responsibility, etc / edited by Jeffrey A. Larsen
260 ## - PUBLICATION, DISTRIBUTION, ETC. (IMPRINT)
Name of publisher, distributor, etc Lynne Rienner Publishers,
Date of publication, distribution, etc 2002
Place of publication, distribution, etc Colorado :
300 ## - PHYSICAL DESCRIPTION
Extent xviii, 412 pages
336 ## - CONTENT TYPE
Source rdacontent
Content type term Text |
Content type code txt
337 ## - MEDIA TYPE
Source rdamedia
Media type term Unmediated |
Media type code n
338 ## - CARRIER TYPE
Source rdacarrier
Carrier type term Volume
Carrier type code nc
650 #0 - SUBJECT ADDED ENTRY--TOPICAL TERM
9 (RLIN) 3638
Topical term or geographic name as entry element ARMS CONTROL
700 ## - ADDED ENTRY--PERSONAL NAME
9 (RLIN) 3639
Personal name Schelling, Thomas C.
942 ## - ADDED ENTRY ELEMENTS (KOHA)
Source of classification or shelving scheme
Koha item type MONOGRAPH
Holdings
Withdrawn status Lost status Source of classification or shelving scheme Damaged status Not for loan Collection code Permanent Location Current Location Shelving location Date acquired Source of acquisition Total Checkouts Full call number Barcode Date last seen Copy number Price effective from Koha item type
          CBU-Lusaka Campus CBU- LUSAKA CAMPUS CBU-MAIN LIBRARY, KITWE. General Stacks 09/26/2024 DON-BOOKAID   JZ 5687 Arm 752879 09/26/2024 2 09/26/2024 MONOGRAPH